| 000 | 005670000a22002170004500 | ||
|---|---|---|---|
| 003 | LK-CoMWRAF | ||
| 005 | 20240103111505.0 | ||
| 008 | 230817t ||||| |||| 00| 0 eng d | ||
| 020 | _a0385423586 | ||
| 040 |
_aLK-CoMWRAF _dLK-CoMWRAF _eLK-CoMWRAF |
||
| 041 | _aeng | ||
| 082 |
_a823 _bSHA |
||
| 100 | _aShaykh, Hanan Al- | ||
| 245 | _aWomen of sand and myrrh | ||
| 250 | _a2nd Edition | ||
| 260 |
_aNew York : _bDoubleday, |
||
| 300 | _a280p | ||
| 650 | _a Women -- Arab countries -- Social conditions | ||
| 700 |
_aCobham, Catherine _etrans. |
||
| 942 | _cBK | ||
| 999 |
_c3171 _d3171 |
||